Second Corinthians. (Record no. 8201)

000 -LEADER
fixed length control field 00478nam a2200169 a 4500
001 - CONTROL NUMBER
control field :::00005974$&:&@@
003 - CONTROL NUMBER IDENTIFIER
control field OkBaRHE
005 - DATE AND TIME OF LATEST TRANSACTION
control field 20001030131211.0
008 - FIXED-LENGTH DATA ELEMENTS--GENERAL INFORMATION
fixed length control field j 000 0 eng u
040 ## - CATALOGING SOURCE
Transcribing agency
100 1# - MAIN ENTRY--PERSONAL NAME
Personal name Simpson, A. B.
245 10 - TITLE STATEMENT
Title Second Corinthians.
260 ## - PUBLICATION, DISTRIBUTION, ETC. (IMPRINT)
Place of publication, distribution, etc Harrisburg, PA.
Name of publisher, distributor, etc Christian Publications.
300 ## - PHYSICAL DESCRIPTION
Extent 127 p.
942 ## - ADDED ENTRY ELEMENTS (KOHA)
Source of classification or shelving scheme
Koha item type Books
Copies
Price effective from Date acquired Source of classification or shelving scheme Full call number Not for loan Damaged status Date last seen Withdrawn status Koha item type Copy number Permanent Location Lost status Shelving location Barcode
2010-04-142010-04-14 BS 2675 .S488  2018-04-03 Books1RHEMA Bible Training College General Stacks5974